Normal view MARC view
  • GAUTAM,DR.PAVAN K. & SINGH, DR. VISHNU DUTT AND SAXENA, DR. VASUNDHARA , AND SAXENA, MRS MONIKA

Entry Personal Name

Number of records used in: 1

001 - CONTROL NUMBER

  • control field: 8580

003 - CONTROL NUMBER IDENTIFIER

  • control field: JRU

005 - DATE AND TIME OF LATEST TRANSACTION

  • control field: 20240920123206.0

008 - FIXED-LENGTH DATA ELEMENTS

  • fixed length control field: 240920|| aca||aabn | a|a d

040 ## - CATALOGING SOURCE

  • Original cataloging agency: JRU
  • Transcribing agency: JRU

100 ## - HEADING--PERSONAL NAME

  • Personal name: GAUTAM,DR.PAVAN K. & SINGH, DR. VISHNU DUTT AND SAXENA, DR. VASUNDHARA , AND SAXENA, MRS MONIKA

670 ## - SOURCE DATA FOUND

  • Source citation: Work cat.: (JRU)8711: GAUTAM,DR.PAVAN K. & SINGH, DR. VISHNU DUTT AND SAXENA, DR. VASUNDHARA , AND SAXENA, MRS MONIKA , LAB MANUAL PRACTICAL [D.PHARMA ] PART-1